000 02074nam a22003495i 4500
001 24000278
005 20260422093608.0
008 250121s2025 vau 000 0 eng
010 _a 2025930945
020 _a9789369526581 (paperback)
035 _a24000278
040 _aDLC
_beng
_erda
_cDLC
042 _apcc
082 _a346.40482 JAN
100 1 _aJanecková, Eva,
245 1 0 _aCopyright and patent laws for the age of artificial intelligence :
_bauthorship and inventorship revisited /
_cEva Janecková.
250 _a1.
263 _a2505
264 1 _aGordonsville :
_bHart Publishing,
_c2025.
300 _axx, 218 pages;
_c24 cm,
336 _atext
_btxt
_2rdacontent
365 _bRs. 799.00
505 _a1. Introduction - 2. AI: Why does AI Matter to Intellectual Property Law? - 3. The Relevant Justifications for Copyright and Patents - 4. Inventorship in European Patent Law - 5. Inventorship in the Application Practice in the UK, Germany and France - 6. EU Authorship - 7. Authorship in the UK, Germany and France - 8. Authorship in the Application Practice in the UK, Germany and France - 9. Reforms and Ways Forward - 10. Conclusion.
520 _a"This book responds to the need to distinguish human creations from those produced by AI. It does so by tracing human attributes of authorship and inventorship in statutory requirements for protection and ownership in European copyright and patent laws. This book guides authorities, practitioners, and students through the main arguments of the debate concerning copyright and patents for objects entirely or partly generated by AI. It also makes original contributions to advance the ongoing academic and policy debates on AI and intellectual property law"--
_cProvided by publisher.
650 _aCopyright Europe.
650 _aPatent laws and legislation Europe.
650 _aAuthorship.
650 _aArtificial intelligence Law and legislation Europe.
906 _a0
_bibc
_corignew
_d2
_eepcn
_f20
_gy-gencatlg
942 _2ddc
_cBK
999 _c217943
_d217943